000 00576nam a2200229Ia 4500
003 OSt
005 20220924151816.0
006 a|||||r|||| 00| 0
007 ta
008 220923b |||||||| |||| 00| 0 mar d
024 _a339214
037 _cTextual
040 _aARTS
_cARTS
_bmar
041 _2mar
_amar
082 _aO,1:g, 155K5
100 _aKarandikar G.V.
_9225016
245 0 _aKavyateel durbhodyata
260 _c1965
650 _aENGLISH LITERATURE
942 _hO,1:g, 155K5
_cTEXL
_2CC
999 _c467743
_d467743